000 00246nam a22001097a 4500
082 _a621.3192 BRO'B
100 _aBROCKES, A. M. P
_978945
245 _aBASIC ELECTRIC CIRCUITS
260 _aOXFORD
_bPERGMAN
_c1963
300 _a134P
942 _cBK
999 _c584016
_d584016